Zostavenie prehľadu peňažných tokov na konkrétnom príklade (Cash Flow Statement)
Zostavenie prehľadu peňažných tokov na príklade spoločnosti Autodoprava, s. r. o.. Zostavenie prehľadu peňažných tokov čistou priamou metódou, modifikovanou priamou metódou, nepriamou metódou. Výpočet jednotlivých položiek v prehľade peňažných tokov.
Na minha lista:
| Autor principal: | |
|---|---|
| Formato: | Capítulo de Livro |
| Idioma: | eslovaco |
| Assuntos: | |
| Tags: |
Sem tags, seja o primeiro a adicionar uma tag!
|
MARC
| LEADER | 00000naa$a2200000$$$4500 | ||
|---|---|---|---|
| 001 | 0054903 | ||
| 005 | 20240502071629.6 | ||
| 041 | 0 | |a slo | |
| 044 | |a SK | ||
| 245 | 1 | 0 | |a Zostavenie prehľadu peňažných tokov na konkrétnom príklade |b (Cash Flow Statement) |c Miloš Sklenka |
| 520 | |a Zostavenie prehľadu peňažných tokov na príklade spoločnosti Autodoprava, s. r. o.. Zostavenie prehľadu peňažných tokov čistou priamou metódou, modifikovanou priamou metódou, nepriamou metódou. Výpočet jednotlivých položiek v prehľade peňažných tokov. | ||
| 610 | 2 | 0 | |a cash flow |
| 610 | 2 | 0 | |a prostriedky peňažné |
| 610 | 2 | 0 | |a výkazy finančné |
| 610 | 2 | 0 | |a metódy |
| 100 | 1 | |a Sklenka, Miloš | |